| 000 | 00561nam a2200169Ia 4500 | ||
|---|---|---|---|
| 005 | 20240813024114.0 | ||
| 008 | 240331s9999 xx 000 0 und d | ||
| 020 | _a0002190044 | ||
| 082 |
_bCOL _a407 |
||
| 100 | _aCollins, V.H | ||
| 245 | 2 |
_aA book of english idioms : _bwith explanation |
|
| 250 | _a3rd | ||
| 260 |
_a Madras _bOrient Longman Ltd _c1956 |
||
| 300 | _a258 p ., | ||
| 500 | _ain compiling a selection of idioms, out of the thousands in the language, the natural course has been to choose those that are today in most frequent use. | ||
| 942 | _cL | ||
| 999 |
_c4394 _d4394 |
||